The phantom tollbooth / (Record no. 2494)

MARC details
000 -LEADER
fixed length control field 00925cam a22002891 4500
001 - CONTROL NUMBER
control field 2494
003 - CONTROL NUMBER IDENTIFIER
control field FISKH
005 - DATE AND TIME OF LATEST TRANSACTION
control field 20231212153748.0
008 - FIXED-LENGTH DATA ELEMENTS--GENERAL INFORMATION
fixed length control field 730213s1961 nyua j 000 1 eng
010 ## - LIBRARY OF CONGRESS CONTROL NUMBER
LC control number 61013202
020 ## - INTERNATIONAL STANDARD BOOK NUMBER
International Standard Book Number 0590409174
040 ## - CATALOGING SOURCE
Original cataloging agency DLC
Transcribing agency DLC
Modifying agency DLC
Language of cataloging eng
050 00 - LIBRARY OF CONGRESS CALL NUMBER
Classification number PZ7.J98
Item number Ph
082 00 - DEWEY DECIMAL CLASSIFICATION NUMBER
Classification number Fic
100 1# - MAIN ENTRY--PERSONAL NAME
Personal name Juster, Norton,
Dates associated with a name 1929-
245 14 - TITLE STATEMENT
Title The phantom tollbooth /
Statement of responsibility, etc. Norton Juster ; Illustrated by Jules Feiffer.
260 ## - PUBLICATION, DISTRIBUTION, ETC.
Place of publication, distribution, etc. New York :
Name of publisher, distributor, etc. Scholastic,
Date of publication, distribution, etc. 1961
300 ## - PHYSICAL DESCRIPTION
Extent 256 pages :
Other physical details illustrations ;
Dimensions 20 cm
520 ## - SUMMARY, ETC.
Summary, etc. A journey through a land where Milo learns the importance of words and numbers provides a cure for his boredom.
521 8# - TARGET AUDIENCE NOTE
Target audience note 1000<br/>
Source Lexile<br/>
650 #1 - SUBJECT ADDED ENTRY--TOPICAL TERM
Topical term or geographic name entry element Fantasy.
650 #1 - SUBJECT ADDED ENTRY--TOPICAL TERM
Source of heading or term Children's fiction
650 #1 - SUBJECT ADDED ENTRY--TOPICAL TERM
Source of heading or term Children's literature
700 1# - ADDED ENTRY--PERSONAL NAME
Personal name Feiffer, Jules.
Relator term illustrator
906 ## - LOCAL DATA ELEMENT F, LDF (RLIN)
a 7
b cbc
c orignew
d u
e ocip
f 19
g y-gencatlg
942 ## - ADDED ENTRY ELEMENTS (KOHA)
Source of classification or shelving scheme Dewey Decimal Classification
Koha item type Books
Suppress in OPAC No
Holdings
Withdrawn status Lost status Source of classification or shelving scheme Damaged status Not for loan Collection Home library Current library Shelving location Date acquired Total Checkouts Full call number Barcode Date last seen Copy number Price effective from Koha item type Date last checked out
    Dewey Decimal Classification     Fiction Footprints International School Library Network Toul Kork Campus Footprints International School Library Network Toul Kork Campus   12/12/2023   JUS Fic PZ7.J98 FIS00831 12/12/2023 1 12/12/2023 Books  
    Dewey Decimal Classification     Fiction Footprints International School Library Network Toul Kork Campus Footprints International School Library Network Toul Kork Campus TTP Secondary Fiction Bookshelves 01/11/2024 1 JUS Fic PZ7.J98 FISSE01093 12/01/2025 2 12/12/2023 Books 11/10/2025